00919 2200349 4500001002100000005001500021035002000036007000300056040001700059100002800076245004600104250001000150300003300160020001800193041000800211082001000219084001600229090002100245264002600266336002100292337003000313338002300343650000900366850001000375008004100385990002500426990002500451990002500476990002500501990002500526990001800551INLIS00000000000946820260420095243 a0010-1222000073ta aSBPUPADbind0 aTaswati SuciePengarang1 aKreatif Dengan Kain Perca /cTaswati Suci aCet.1 aiv,44 hlm. :bilus. ;c21 cm a979-28-0528-40 aind a746.2 a746.2 TAS k a746.2 TAS k 22-9 aKlaten :bKTSP,c2009 2rdacontentateks 2rdamediaatanpa perantara 2rdacarrieravolume 4aKain aPUPAD260420 0  a8663/H/KAPD/PDG/2009 a8662/H/KAPD/PDG/2009 a8661/H/KAPD/PDG/2009 a8660/H/KAPD/PDG/2009 a8664/H/KAPD/PDG/2009 a8667/H/APD 09